[Event "ICS rated blitz match"]
[Site "207.99.83.229"]
[Date "1999.06.02"]
[Round "?"]
[White "ipkis"]
[Black "Hossa"]
[Result "0-1"]
[WhiteElo "2563"]
[BlackElo "2510"]
[PlyCount "44"]

1. e4 e5 2. Nf3 Nc6 3. Bb5 a6 4. Ba4 Nf6 5. O-O Be7 6. Qe2 b5 7. Bb3 O-O 8. c3
Bc5 9. Rd1 Re8 10. d3 d6 11. h3 Be6 12. Bc2 d5 13. d4 Bd6 14. dxe5 Nxe5 15.
Nxe5 Bxe5 16. exd5 Bg4 17. hxg4 Bh2+ 18. Kf1 Rxe2 19. Kxe2 Qe7+ 20. Kf1 Re8 21.
Bd3 Nxg4 22. Nd2 22... Nxf2 {ipkis resigns} 0-1

[Event "ICS rated blitz match"]
[Site "207.99.83.229"]
[Date "1999.06.02"]
[Round "?"]
[White "Hossa"]
[Black "MissSilicon"]
[Result "1/2-1/2"]
[WhiteElo "2528"]
[BlackElo "2573"]
[PlyCount "172"]

1. e4 e6 2. d4 d5 3. Nd2 c5 4. exd5 Qxd5 5. Ngf3 cxd4 6. Bc4 Qd6 7. O-O Nf6 8.
Nb3 Nc6 9. Nbxd4 Nxd4 10. Qxd4 Qxd4 11. Nxd4 Be7 12. Nb5 O-O 13. Be3 b6 14. Nc7
Rb8 15. Rad1 Ng4 16. Bb5 Nxe3 17. fxe3 Rb7 18. Ne8 Bg5 19. Rf3 e5 20. Rg3 h6
21. Rf1 a6 22. Bc6 Re7 23. h4 Bxh4 24. Rxg7+ Kh8 25. Rg6 Bg5 26. Rxg5 hxg5 27.
Nf6 g4 28. c4 Kg7 29. Be4 Rd8 30. b4 Rd6 31. Nd5 Re8 32. c5 bxc5 33. bxc5 Rc6
34. Rc1 f5 35. Ne7 Rf6 36. Nxc8 Rxc8 37. Bb7 Rc7 38. c6 Rd6 39. Rc5 Kf6 40. a4
Ke6 41. Bxa6 Rdxc6 42. Bc4+ Kf6 43. Rxc6+ Rxc6 44. Bd5 Rc5 45. Bg8 Rc3 46. Kf2
Ra3 47. Ke2 Rxa4 48. Bb3 Rb4 49. Bc2 e4 50. g3 Rb2 51. Kd1 Ke5 52. Kd2 Rb7 53.
Ke1 Rh7 54. Bb3 Rh2 55. Kf1 Rh1+ 56. Ke2 Kd6 57. Bc4 Rc1 58. Bf7 Rc2+ 59. Kf1
Rc3 60. Ke2 f4 61. gxf4 Rc2+ 62. Kf1 g3 63. Bg6 Kd5 64. Bf7+ Kc5 65. Bg6 Rf2+
66. Kg1 Kd5 67. Bf7+ Kd6 68. Bh5 Rd2 69. Bg6 Kd5 70. Bf7+ Kc5 71. Bg6 Rd3 72.
Bxe4 Rxe3 73. Bf5 Re2 74. Bd7 Kd5 75. f5 Ke5 76. Be6 Rf2 77. Kh1 Rxf5 78. Bxf5
Kxf5 79. Kg2 Kf4 80. Kg1 Kg4 81. Kg2 Kh4 82. Kg1 Kg5 83. Kg2 Kg4 84. Kg1 Kf3
85. Kf1 g2+ 86. Kg1 86... Kg3 {Hossa stalemated} 1/2-1/2

[Event "ICS rated blitz match"]
[Site "207.99.83.229"]
[Date "1999.06.02"]
[Round "?"]
[White "egghead"]
[Black "Hossa"]
[Result "0-1"]
[WhiteElo "2518"]
[BlackElo "2530"]
[PlyCount "133"]

1. e4 e5 2. Nf3 Nc6 3. Bb5 a6 4. Ba4 Nf6 5. O-O Be7 6. Re1 b5 7. Bb3 d6 8. c3
O-O 9. h3 Na5 10. Bc2 c5 11. d4 Nd7 12. Nbd2 cxd4 13. cxd4 Nc6 14. Nb3 Nb6 15.
d5 Nb4 16. Bd2 Nxc2 17. Qxc2 f5 18. Ba5 Bd7 19. Rac1 Rc8 20. Qe2 Rxc1 21. Rxc1
fxe4 22. Qxe4 Qb8 23. Bxb6 Qxb6 24. Nbd2 Bf5 25. Qb4 a5 26. Qb3 Bd7 27. Qd3 Rf4
28. Qc3 Bd8 29. Qd3 Qa7 30. Re1 Bb6 31. Re2 b4 32. b3 Bc5 33. Kf1 Bf5 34. Qb5
Kf8 35. Ke1 Bc8 36. Qd3 Kg8 37. Kf1 Qa6 38. Nc4 Bf5 39. Qd2 Bg6 40. Ne1 Qa8 41.
Qd1 Bh5 42. g4 Bf7 43. Rd2 Bxd5 44. Nxd6 Qa6+ 45. Kg1 Rxf2 46. Rxf2 Bxf2+ 47.
Kxf2 Qxd6 48. Qc2 e4 49. Qc8+ Qf8+ 50. Qxf8+ Kxf8 51. Nc2 Kf7 52. Ke3 Kg6 53.
Kd4 Ba8 54. Kc5 h5 55. Kb5 hxg4 56. hxg4 Kg5 57. Kxa5 Kxg4 58. Kxb4 Kf3 59. Kc3
e3 60. Kd4 e2 61. Kc3 Kf2 62. Kd2 g5 63. Ne1 Bd5 64. Nd3+ Kf1 65. Ne1 Be4 66.
Ke3 Kxe1 67. Kxe4 {egghead resigns} 0-1

[Event "ICS rated blitz match"]
[Site "207.99.83.229"]
[Date "1999.06.02"]
[Round "?"]
[White "Hossa"]
[Black "gremuchka-777"]
[Result "1-0"]
[WhiteElo "2545"]
[BlackElo "2283"]
[PlyCount "89"]

1. e4 e5 2. Nf3 Nc6 3. Bb5 a6 4. Bxc6 dxc6 5. Nc3 f6 6. O-O Bd6 7. d4 exd4 8.
Qxd4 Ne7 9. Qc4 Qd7 10. Be3 Qe6 11. Qb3 Qxb3 12. axb3 Ng6 13. Nd2 Be6 14. Nc4
Bxc4 15. bxc4 Kf7 16. f4 Rhe8 17. c5 Bf8 18. Rad1 Rad8 19. Rd3 Rxd3 20. cxd3
Be7 21. d4 Nf8 22. f5 g6 23. g4 g5 24. e5 Bd8 25. e6+ Nxe6 26. fxe6+ Kg6 27.
Rf5 Rxe6 28. Kf2 h5 29. h3 hxg4 30. hxg4 b5 31. b4 Re8 32. Kf3 Rh8 33. Bf2 Rh1
34. Ke3 Rh3+ 35. Kd2 Rh1 36. Nd1 Rh3 37. Ne3 Rh1 38. Ke2 Rb1 39. Be1 Rb2+ 40.
Bd2 Ra2 41. d5 cxd5 42. Rxd5 Be7 43. Rd7 a5 44. Rxe7 axb4 45. Nf5 {
gremuchka-777 resigns} 1-0

[Event "ICS rated blitz match"]
[Site "207.99.83.229"]
[Date "1999.06.02"]
[Round "?"]
[White "Hossa"]
[Black "Chemberlen"]
[Result "1-0"]
[WhiteElo "2556"]
[BlackElo "2655"]
[PlyCount "45"]

1. e4 c6 2. d4 d5 3. Nd2 dxe4 4. Nxe4 Bf5 5. Ng3 Bg6 6. h4 h6 7. h5 Bh7 8. Nf3
Nf6 9. Bd3 Bxd3 10. Qxd3 e6 11. Bd2 c5 12. O-O-O Nc6 13. Be3 Ng4 14. Ne4 Nxe3
15. fxe3 Rc8 16. d5 exd5 17. Qxd5 Qxd5 18. Rxd5 b6 19. Rhd1 Be7 20. Ng3 O-O 21.
Nf5 Bf6 22. Rd6 Be5 23. Rxc6 {Chemberlen resigns} 1-0

[Event "ICS rated blitz match"]
[Site "207.99.83.229"]
[Date "1999.06.02"]
[Round "?"]
[White "blunite"]
[Black "Hossa"]
[Result "0-1"]
[WhiteElo "2260"]
[BlackElo "2576"]
[PlyCount "26"]

1. e4 e5 2. Nf3 Nc6 3. Bc4 Nf6 4. d3 Bc5 5. c3 d6 6. h3 O-O 7. Bb3 d5 8. Qe2
Be6 9. Bc2 dxe4 10. dxe4 Qd6 11. O-O Rad8 12. Nbd2 Nh5 13. Nc4 13... Ng3 {
blunite resigns} 0-1

[Event "ICS rated blitz match"]
[Site "207.99.83.229"]
[Date "1999.06.02"]
[Round "?"]
[White "gremuchka-777"]
[Black "Hossa"]
[Result "0-1"]
[WhiteElo "2244"]
[BlackElo "2580"]
[PlyCount "80"]

1. e4 e5 2. Nf3 Nc6 3. Nc3 Nf6 4. Bb5 Bb4 5. O-O O-O 6. Nd5 Nxd5 7. exd5 Nd4 8.
Nxd4 exd4 9. c3 Bd6 10. Qh5 Re8 11. Bd3 g6 12. Qf3 Qh4 13. g3 Qh3 14. Qg2 Qxg2+
15. Kxg2 Re5 16. c4 b5 17. b3 Bb7 18. Bb2 Bc5 19. Rae1 Rxe1 20. Rxe1 Rb8 21.
Re4 f5 22. Re1 bxc4 23. Bxc4 Rd8 24. f3 Kg7 25. d6 c6 26. Re7+ Kh6 27. d3 f4
28. Bc1 Bxd6 29. Bxf4+ Bxf4 30. gxf4 a5 31. a4 Bc8 32. Bf7 d5 33. Ra7 Bf5 34.
Rxa5 Kg7 35. Ra7 Kf6 36. a5 Bxd3 37. a6 Bc2 38. b4 d3 39. Rc7 d2 40. Rxc6+
40... Kxf7 {gremuchka-777 resigns} 0-1

[Event "ICS rated blitz match"]
[Site "207.99.83.229"]
[Date "1999.06.02"]
[Round "?"]
[White "Hossa"]
[Black "inmortal"]
[Result "1-0"]
[WhiteElo "2584"]
[BlackElo "2576"]
[PlyCount "23"]

1. e4 e5 2. Nf3 Nc6 3. Bb5 a6 4. Bxc6 dxc6 5. Nc3 f6 6. O-O Bd6 7. d4 exd4 8.
Qxd4 Bg4 9. e5 Bxf3 10. exd6 Bh5 11. Re1+ Kf8 12. Qc5 {inmortal resigns} 1-0

[Event "ICS rated blitz match"]
[Site "207.99.83.229"]
[Date "1999.06.02"]
[Round "?"]
[White "xroniko"]
[Black "Hossa"]
[Result "0-1"]
[WhiteElo "2219"]
[BlackElo "2600"]
[PlyCount "51"]

1. d4 d5 2. Nf3 Nf6 3. c4 dxc4 4. Nc3 c6 5. a4 Bf5 6. e3 e6 7. Bxc4 Bb4 8. O-O
Nbd7 9. Ne2 O-O 10. Ng3 Bg4 11. h3 Bxf3 12. Qxf3 Qe7 13. e4 Rad8 14. Bg5 h6 15.
Be3 Nb6 16. Bd3 Nbd7 17. e5 Nd5 18. Qe4 f5 19. exf6 N7xf6 20. Qg6 Qe8 21. Rfe1
Bxe1 22. Rxe1 Qxg6 23. Bxg6 Nxe3 24. fxe3 a5 25. Rc1 Nd5 26. e4 {
xroniko resigns} 0-1

[Event "ICS rated blitz match"]
[Site "207.99.83.229"]
[Date "1999.06.02"]
[Round "?"]
[White "Hossa"]
[Black "inmortal"]
[Result "0-1"]
[WhiteElo "2603"]
[BlackElo "2514"]
[PlyCount "60"]

1. e4 e5 2. Nf3 Nc6 3. Bb5 a6 4. Bxc6 dxc6 5. Nc3 f6 6. O-O c5 7. b3 Bg4 8. h3
Bh5 9. d3 Ne7 10. Ba3 Nc6 11. Na4 Nd4 12. g4 Bf7 13. Nxc5 b6 14. Nb7 Qc8 15.
Bxf8 Rxf8 16. Nxd4 exd4 17. Na5 bxa5 18. Qe1 h5 19. e5 f5 20. gxh5 Bxh5 21.
Qxa5 f4 22. Qd5 c6 23. Qd6 Qxh3 24. Qxc6+ Kf7 25. Qd5+ Kg6 26. Qc6+ Kg5 27. Qh1
Qxh1+ 28. Kxh1 Bf3+ 29. Kg1 Rh8 30. Rae1 30... Rh1# {Hossa checkmated} 0-1

[Event "ICS rated blitz match"]
[Site "207.99.83.229"]
[Date "1999.06.02"]
[Round "?"]
[White "UBet"]
[Black "Hossa"]
[Result "1/2-1/2"]
[WhiteElo "2212"]
[BlackElo "2583"]
[PlyCount "146"]

1. e4 e5 2. Nf3 Nc6 3. Bb5 a6 4. Ba4 Nf6 5. O-O Be7 6. Re1 b5 7. Bb3 d6 8. c3
O-O 9. d4 exd4 10. cxd4 Bg4 11. h3 Bxf3 12. gxf3 Qd7 13. Kh2 Na5 14. Bc2 c6 15.
Rg1 Kh8 16. Nc3 b4 17. Ne2 Nb7 18. Ng3 Nd8 19. Nf5 Rg8 20. Nxe7 Qxe7 21. Bg5
Ne6 22. Be3 Qd7 23. Qd3 a5 24. Rad1 Rae8 25. Bb1 Qc8 26. Qc2 Qb7 27. e5 Nxd4
28. Bxd4 dxe5 29. Be3 Qc7 30. Qe2 Rd8 31. Rxd8 Rxd8 32. Rd1 Rxd1 33. Qxd1 c5
34. Be4 c4 35. Qc2 c3 36. bxc3 bxc3 37. Bd2 cxd2 38. Qxc7 d1=Q 39. Qb8+ Ng8 40.
Qxe5 Qd2 41. Qd5 Qxf2+ 42. Kh1 Qg3 43. Qxa5 Qxh3+ 44. Kg1 f5 45. Bd5 Qg3+ 46.
Kh1 Qh4+ 47. Kg1 Qg5+ 48. Kh1 Qh5+ 49. Kg1 Qe8 50. Qa8 Qxa8 51. Bxa8 h5 52. a4
Nf6 53. a5 Ne8 54. Bb7 Nd6 55. a6 Nb5 56. Bc8 f4 57. Bd7 Na7 58. Kh2 Kg8 59.
Kh3 Kh7 60. Kh4 Kg6 61. Be8+ Kh6 62. Bxh5 g6 63. Bg4 g5+ 64. Kh3 Kg6 65. Bd7
Kf6 66. Kg4 Kg6 67. Bf5+ Kf6 68. Be4 Nb5 69. Bd3 Na7 70. Be4 Nb5 71. Bd3 Na7
72. Be4 Nb5 73. Bd3 73... Na7 {Game drawn by repetition} 1/2-1/2

[Event "ICS rated blitz match"]
[Site "207.99.83.229"]
[Date "1999.06.02"]
[Round "?"]
[White "Hossa"]
[Black "inmichess"]
[Result "0-1"]
[WhiteElo "2591"]
[BlackElo "2310"]
[PlyCount "123"]

1. e4 e5 2. Nf3 Nc6 3. Bb5 Nge7 4. d4 exd4 5. Nxd4 g6 6. O-O Bg7 7. Be3 O-O 8.
Nc3 a6 9. Be2 d6 10. Qd2 Nxd4 11. Bxd4 Bxd4 12. Qxd4 Nc6 13. Qd2 Be6 14. Qh6
Qf6 15. f4 Qd4+ 16. Kh1 f5 17. Bf3 fxe4 18. Bxe4 Rae8 19. Rae1 Nd8 20. Bxg6
hxg6 21. Qxg6+ Qg7 22. Qd3 b5 23. Rf3 Bf5 24. Qd5+ Qf7 25. Rg3+ Kh7 26. Rxe8
Rxe8 27. Qd1 c6 28. a3 d5 29. b4 Kh6 30. Ne2 Qe7 31. Ng1 Qe4 32. Rg5 Bg6 33.
Qg4 Nf7 34. Qh3+ Kg7 35. Rg4 Qxc2 36. Rg3 Qb1 37. Qd7 Re1 38. Qa7 Kg8 39. Qb8+
Kh7 40. Qa7 Rc1 41. f5 Qxf5 42. Rf3 Qe6 43. h3 Kh6 44. Re3 Qd6 45. Rf3 Ng5 46.
Qe3 Rc4 47. Rg3 Qf4 48. Qxf4 Rxf4 49. Rc3 Rc4 50. Rb3 Rc2 51. h4 Ne4 52. Nf3
Kh5 53. Kh2 Nd6 54. Ne1 Ra2 55. Rc3 Nc4 56. Kh3 Bf5+ 57. Kg3 d4 58. Rf3 Ne3 59.
Rf2 Rxa3 60. Nf3 Bg4 61. Ne5 Nd1+ 62. Rf3 {Hossa resigns} 0-1

[Event "ICS rated blitz match"]
[Site "207.99.83.229"]
[Date "1999.06.02"]
[Round "?"]
[White "Hossa"]
[Black "Ragazunk"]
[Result "1-0"]
[WhiteElo "2564"]
[BlackElo "2310"]
[PlyCount "75"]

1. e4 c5 2. Nf3 Nc6 3. d4 cxd4 4. Nxd4 Qb6 5. Nf3 d6 6. Bd3 e6 7. Nbd2 Nf6 8.
Nc4 Qc7 9. O-O a6 10. Be3 Nd7 11. Bf4 b5 12. Ne3 Be7 13. a4 b4 14. Ng5 Nde5 15.
Qh5 h6 16. Nf3 Nxf3+ 17. Qxf3 Ne5 18. Bxe5 dxe5 19. Qg3 O-O 20. Ng4 Kh8 21.
Qxe5 Qxe5 22. Nxe5 Bf6 23. Nc4 a5 24. e5 Be7 25. Rad1 Ba6 26. Nb6 Ra7 27. c3
Rd8 28. Bxa6 Rxd1 29. Rxd1 Rxa6 30. Nc8 Bg5 31. cxb4 axb4 32. b3 Rc6 33. Nd6
Kg8 34. Nc4 f6 35. Rd8+ Kh7 36. Rd6 Rc5 37. Rxe6 Rd5 38. Rd6 {Ragazunk resigns}
1-0

[Event "ICS Rated blitz match"]
[Site "207.99.83.229"]
[Date "1999.06.02"]
[Round "?"]
[White "Ragazunk"]
[Black "Hossa"]
[Result "0-1"]
[WhiteElo "2298"]
[BlackElo "2570"]
[PlyCount "78"]

1. e4 e5 2. Bc4 Nf6 3. d3 Nc6 4. Nf3 Be7 5. Bb3 d5 6. exd5 Nxd5 7. Nc3 Nxc3 8.
bxc3 e4 9. dxe4 Qxd1+ 10. Kxd1 Bg4 11. h3 Bxf3+ 12. gxf3 Rd8+ 13. Ke2 O-O 14.
Be3 b6 15. Rad1 Bf6 16. Rxd8 Rxd8 17. Bd2 h5 18. Bd5 Ne7 19. a4 Nxd5 20. exd5
Rxd5 21. Rb1 Re5+ 22. Kd3 Ra5 23. Rb4 Rf5 24. f4 Rd5+ 25. Ke2 Rc5 26. Kd3 a5
27. Rc4 Rd5+ 28. Ke2 Rd7 29. Be3 Re7 30. Kf3 c5 31. Bd2 Re8 32. Re4 Rd8 33. Be3
Bxc3 34. Re7 Rd6 35. f5 Bf6 36. Re8+ Kh7 37. Bf4 Rd4 38. Rf8 Rxa4 39. Rxf7
39... Rc4 {Ragazunk resigns} 0-1

[Event "ICS rated blitz match"]
[Site "207.99.83.229"]
[Date "1999.06.02"]
[Round "?"]
[White "Hossa"]
[Black "JJcool"]
[Result "1-0"]
[WhiteElo "2576"]
[BlackElo "2246"]
[Annotator "Fritz 5.32 (45s)"]
[PlyCount "38"]

1. e4 c5 2. Nf3 Nc6 3. d4 cxd4 4. Nxd4 Nf6 5. Nc3 d6 6. Bg5 e6 7. Qd2 a6 8.
O-O-O h6 9. Nxc6 bxc6 10. Bf4 d5 11. Qd4 $146 (11. Qe3 Be7 (11... Bb4 12. a3
Be7 13. Be2 O-O 14. Qg3 Kh8 15. Bc7 Qd7 16. Be5 Qb7 17. exd5 cxd5 18. Rd4 Ne8
19. Bd3 Bf6 20. Re1 Bd7 21. Rb4 Qc8 22. Rg4 Qd8 23. Bxf6 Qxf6 24. Rf4 Qd8 25.
Re5 Nf6 26. Qf3 Bc6 27. g4 Qd6 28. Qe3 Nd7 29. Rh5 e5 30. Rff5 e4 31. Nxd5 exd3
32. Nf6 Nxf6 33. Rxh6+ Kg8 34. Rfxf6 gxf6 35. Qh3 35... Qf4+ {
0-1 Botvinnik,I-Greenfeld,A/Invitational, Rishon LeZion ISR 1997 (35)}) 12. Be2
O-O 13. h4 (13. Qg3 Kh8 14. h4 a5 15. Qe3 Ba6 16. g4 Bxe2 17. Qxe2 Bb4 18. f3
Bxc3 19. bxc3 Qe7 20. g5 Nh5 21. Be5 f6 22. gxf6 Nxf6 23. Rhg1 Qa3+ 24. Kd2
Rad8 25. Ke1 dxe4 26. fxe4 Rxd1+ 27. Qxd1 27... Qxa2 {
Kolev,A-Kramnik,V/Villarrobledo ESP 1998/ - (61)}) 13... Bb4 14. e5 Bxc3 15.
Qxc3 Ne4 16. Qe3 f6 17. f3 fxe5 18. Bxe5 Nf6 19. g4 Qe7 20. g5 Nd7 21. f4 Nxe5
22. fxe5 Qa7 23. Qd3 h5 24. Bxh5 Bd7 25. Rdf1 Qc7 26. Qe2 c5 27. c4 d4 28. Bg6
Be8 29. Rxf8+ Kxf8 30. Qf3+ Ke7 31. Qxa8 Bxg6 32. Re1 Qb6 33. Rf1 Qb4 34. Qf8+
{1-0 Gofshtein,L-Khasin,A/Invitational, Rishon LeZion ISR 1997 (34)}) 11... Be7
12. Be2 O-O 13. Kb1 Nd7 14. Qe3 e5 15. Bxh6 gxh6 16. Qxh6 Bf6 17. exd5 cxd5 18.
Nxd5 Re8 19. Rd3 Bg5 1-0

[Event "ICS rated blitz match"]
[Site "207.99.83.229"]
[Date "1999.06.02"]
[Round "?"]
[White "Hossa"]
[Black "PostModernist"]
[Result "0-1"]
[WhiteElo "2572"]
[BlackElo "2547"]
[PlyCount "71"]

1. e4 c5 2. Nc3 d6 3. Bc4 Nc6 4. d3 g6 5. Bg5 Bg7 6. Qd2 Nf6 7. O-O-O Na5 8.
Bb5+ Kf8 9. Nge2 a6 10. Bc4 Nxc4 11. dxc4 Be6 12. e5 Ng4 13. exd6 Qxd6 14. Qxd6
exd6 15. Rxd6 Bxc4 16. f3 Nf2 17. Re1 Re8 18. Bf6 Bxf6 19. Rxf6 Kg7 20. Rd6 Re3
21. Rd2 Rhe8 22. Kb1 b5 23. b3 b4 24. Ne4 Nxe4 25. fxe4 Bb5 26. a4 bxa3 27. Ka1
c4 28. Rg1 cxb3 29. Ng3 b2+ 30. Kb1 Bc4 31. Rd4 Rc3 32. Rxc4 Rxc4 33. Nh1 Rcxe4
34. Rd1 Re1 35. Nf2 Rxd1+ 36. Nxd1 {Hossa resigns} 0-1

[Event "ICS rated blitz match"]
[Site "207.99.83.229"]
[Date "1999.06.03"]
[Round "?"]
[White "JJcool"]
[Black "Hossa"]
[Result "1-0"]
[WhiteElo "2280"]
[BlackElo "2552"]
[PlyCount "72"]

1. d4 d5 2. c4 e6 3. Nc3 Nf6 4. Bg5 c6 5. e3 Bb4 6. Qd3 O-O 7. Nf3 dxc4 8. Qxc4
Ba5 9. Bd3 b6 10. Bxh7+ Kxh7 11. b4 Ba6 12. Qb3 Bxb4 13. Qxb4 Kg8 14. Qa3 Bd3
15. Na4 Ba6 16. e4 b5 17. Nc5 b4 18. Qxb4 Bb5 19. Qc3 Na6 20. Nxa6 Nxe4 21.
Bxd8 Nxc3 22. Ba5 Nd5 23. Nc5 Nf4 24. g3 Nd3+ 25. Nxd3 Bxd3 26. Ne5 Be4 27. f3
f6 28. fxe4 fxe5 29. dxe5 Kh7 30. Bb4 Rfb8 31. Bc3 Rd8 32. Ke2 Kg6 33. Rad1
Rxd1 34. Rxd1 Rh8 35. h4 c5 36. Rd7 36... Rb8 {Hossa resigns} 1-0

[Event "ICS rated blitz match"]
[Site "207.99.83.229"]
[Date "1999.06.03"]
[Round "?"]
[White "Hossa"]
[Black "egghead"]
[Result "0-1"]
[WhiteElo "2533"]
[BlackElo "2603"]
[PlyCount "146"]

1. e4 e5 2. Nf3 Nc6 3. Bb5 Nf6 4. O-O Bc5 5. Nxe5 Nxe5 6. d4 Qe7 7. dxc5 Nxe4
8. b4 a6 9. Be2 O-O 10. f3 Nf6 11. Re1 a5 12. f4 axb4 13. fxe5 Qxc5+ 14. Kh1
Ne4 15. Rf1 b3 16. cxb3 Qxe5 17. Nd2 Qxa1 18. Nxe4 d6 19. a4 Be6 20. Qc2 Qe5
21. Ng5 g6 22. Bd1 Bd5 23. Bf4 Qe7 24. Qd3 c6 25. Qh3 f6 26. Nf3 Rfe8 27. Nd2
Rad8 28. Bh6 f5 29. Qg3 Qe5 30. Qg5 Rd7 31. h4 Qc3 32. Kg1 Kh8 33. h5 Re6 34.
Kh2 Qb2 35. Kh1 Qd4 36. Qf4 Qxf4 37. Bxf4 Kg7 38. hxg6 hxg6 39. Bg5 Re8 40. b4
Be4 41. Kh2 Bd3 42. Rf4 d5 43. Rd4 Be2 44. Bc2 b6 45. a5 bxa5 46. bxa5 Ra7 47.
Nb3 Bc4 48. Nd2 c5 49. Rh4 Bb5 50. Bb1 c4 51. g4 c3 52. Nb3 Re2+ 53. Kg3 Rb2
54. Be3 Rxb1 55. Bd4+ Kf8 56. Rh8+ Ke7 57. Rh7+ Kd6 58. Bxa7 Rxb3 59. Bb8+ Kc5
60. Bf4 c2+ 61. Kg2 Bc6 62. gxf5 d4+ 63. Kh2 Re3 64. Bxe3 dxe3 65. fxg6 c1=Q
66. Rh5+ Kd6 67. g7 Qh1+ 68. Kg3 Qf3+ 69. Kh4 Qf4+ 70. Kh3 Bd7+ 71. Rf5 Bxf5+
72. Kg2 Qf2+ 73. Kh1 73... Be4# {Hossa checkmated} 0-1

[Event "ICS rated blitz match"]
[Site "207.99.83.229"]
[Date "1999.06.03"]
[Round "?"]
[White "AzkikrU"]
[Black "Hossa"]
[Result "1-0"]
[WhiteElo "2669"]
[BlackElo "2520"]
[PlyCount "120"]

1. d4 d5 2. c4 e6 3. Nf3 c5 4. cxd5 exd5 5. g3 Nf6 6. Bg2 Nc6 7. O-O Be7 8. Nc3
O-O 9. Bg5 cxd4 10. Nxd4 Qb6 11. Nb3 Be6 12. Be3 Qd8 13. Qd2 Ne5 14. Bg5 Nc4
15. Qc2 Rc8 16. Rfd1 Nb6 17. Qd3 Nc4 18. Bc1 Nb6 19. Nb5 a6 20. N5d4 Nc4 21.
Nxe6 fxe6 22. Bh3 Qd7 23. Nd4 Ne5 24. Qd2 Neg4 25. f3 Bc5 26. Kg2 h5 27. b4
Bxd4 28. Qxd4 Qe7 29. Bg5 Qd6 30. Kg1 Ne5 31. Bf4 Nfd7 32. Rd3 g5 33. Bxe5 Nxe5
34. Re3 Nc6 35. Qc5 Qxc5 36. bxc5 Kg7 37. Rxe6 Nd4 38. Re7+ Kf6 39. Bxc8 Kxe7
40. Bxb7 Nxe2+ 41. Kg2 Nc3 42. Bxa6 Rb8 43. Re1+ Kf6 44. c6 Rb2+ 45. Kh3 Ne4
46. Rxe4 dxe4 47. c7 exf3 48. g4 hxg4+ 49. Kxg4 Rc2 50. c8=Q Rxc8 51. Bxc8 f2
52. Ba6 Ke6 53. h4 Kd6 54. h5 Kc5 55. h6 Kb6 56. Bf1 Kc7 57. h7 Kd6 58. h8=Q
Kd5 59. Qd8+ Ke5 60. Bc4 60... f1=B {Hossa resigns} 1-0

[Event "ICS rated blitz match"]
[Site "207.99.83.229"]
[Date "1999.06.03"]
[Round "?"]
[White "Hossa"]
[Black "BlueJ"]
[Result "1-0"]
[WhiteElo "2503"]
[BlackElo "2356"]
[PlyCount "77"]

1. e4 c5 2. Nc3 Nc6 3. g3 g6 4. Bg2 Bg7 5. d3 d6 6. Be3 e6 7. Qd2 Nge7 8. O-O-O
O-O 9. Bh6 Rb8 10. Nf3 b5 11. d4 b4 12. Ne2 cxd4 13. Bxg7 Kxg7 14. Nexd4 Qa5
15. Nxc6 Nxc6 16. Qxd6 Qxa2 17. Qxc6 Qa1+ 18. Kd2 Qxb2 19. Qc7 Rb5 20. Rb1 Qf6
21. Ke3 Ba6 22. Qxa7 Qc3+ 23. Kf4 e5+ 24. Kg4 Bc8+ 25. Kh4 Rb7 26. Qa1 g5+ 27.
Nxg5 Qc7 28. Qb2 Rb6 29. Bf3 Rh6+ 30. Bh5 f6 31. Qc1 Kh8 32. Nf7+ Rxf7 33. Qxh6
Qd7 34. g4 Qe7 35. Bxf7 Qxf7 36. Rxb4 Bxg4 37. Rb8+ Bc8 38. Rxc8+ Qg8 39. Qxf6#
{BlueJ checkmated} 1-0

[Event "ICS rated blitz match"]
[Site "207.99.83.229"]
[Date "1999.06.03"]
[Round "?"]
[White "JJcool"]
[Black "Hossa"]
[Result "1-0"]
[WhiteElo "2306"]
[BlackElo "2513"]
[PlyCount "56"]

1. e4 e5 2. Nf3 Nc6 3. Bb5 Nf6 4. O-O Bc5 5. Nxe5 Nxe5 6. d4 Qe7 7. dxc5 Nxe4
8. Qd4 Nxc5 9. b4 a6 10. Qxc5 axb5 11. Qxc7 O-O 12. Bd2 Re8 13. Re1 Qf6 14. f4
Nf3+ 15. gxf3 Qg6+ 16. Kf2 Rf8 17. Re5 Ra6 18. Rxb5 Rc6 19. f5 Qh6 20. Bxh6
Rxc7 21. Bd2 Rxc2 22. Rd5 h6 23. Na3 Rc6 24. b5 Rf6 25. Bc3 Rd8 26. Bxf6 gxf6
27. Nc4 d6 28. Nxd6 28... Kh7 {Hossa resigns} 1-0

[Event "ICS rated blitz match"]
[Site "207.99.83.229"]
[Date "1999.06.03"]
[Round "?"]
[White "ITSGONNAHURTBAD"]
[Black "Hossa"]
[Result "0-1"]
[WhiteElo "2297"]
[BlackElo "2488"]
[PlyCount "106"]

1. e4 c5 2. c3 e6 3. d4 cxd4 4. Qxd4 Nc6 5. Qd3 d5 6. exd5 exd5 7. Nf3 Nf6 8.
Be2 Be7 9. O-O O-O 10. Nbd2 Re8 11. Re1 Bd6 12. b3 Bf4 13. Nf1 Bxc1 14. Raxc1
Bg4 15. Ne3 Qd6 16. Nxg4 Nxg4 17. Rcd1 Nf6 18. Qf5 Qa3 19. Rd2 Ne4 20. Rc2 Qc5
21. Bd3 Nf6 22. b4 Rxe1+ 23. Nxe1 Qd6 24. Re2 Ne7 25. Qf3 Re8 26. Nc2 Qd7 27.
a3 Ng6 28. Rxe8+ Qxe8 29. Bxg6 fxg6 30. Ne3 Qe5 31. Qg3 Qxg3 32. hxg3 b5 33.
Kf1 h5 34. Ke2 Kf7 35. f3 a6 36. Kd3 Ke7 37. Kd4 Kd6 38. f4 Ke6 39. Nf1 Ng4 40.
Ne3 Nxe3 41. Kxe3 Kf5 42. Kf3 g5 43. Ke3 Kg4 44. Kf2 gxf4 45. gxf4 Kxf4 46. Ke2
Kg3 47. Kf1 g5 48. Kg1 g4 49. Kh1 Kf2 50. Kh2 h4 51. Kh1 g3 52. c4 h3 53. a4
53... hxg2# {ITSGONNAHURTBAD checkmated} 0-1

[Event "ICS rated blitz match"]
[Site "207.99.83.229"]
[Date "1999.06.03"]
[Round "?"]
[White "fito"]
[Black "Hossa"]
[Result "0-1"]
[WhiteElo "2309"]
[BlackElo "2494"]
[PlyCount "42"]

1. e4 c5 2. Nf3 e6 3. Nc3 d6 4. Bc4 Nf6 5. O-O Be7 6. e5 dxe5 7. Nxe5 O-O 8. d3
Nbd7 9. Nxd7 Bxd7 10. Bf4 Qb6 11. b3 Bd6 12. Bxd6 Qxd6 13. Ne4 Qe7 14. Re1 b5
15. Bxb5 Bxb5 16. Nxf6+ Qxf6 17. Qh5 Qc3 18. Rac1 Rad8 19. a4 Rd5 20. Qh4 Bd7
21. Re2 21... Rxd3 {fito resigns} 0-1

[Event "ICS Rated blitz match"]
[Site "207.99.83.229"]
[Date "1999.06.03"]
[Round "?"]
[White "Hossa"]
[Black "Pikulis"]
[Result "1-0"]
[WhiteElo "2502"]
[BlackElo "2123"]
[PlyCount "67"]

1. e4 c5 2. c3 Nc6 3. Bb5 e5 4. Nf3 a6 5. Qa4 Qf6 6. O-O Nge7 7. Rd1 g6 8. d4
exd4 9. Bg5 Qd6 10. Bxc6 Qxc6 11. Qxc6 Nxc6 12. Bf6 Rg8 13. cxd4 cxd4 14. Nxd4
Nxd4 15. Bxd4 Bg7 16. Bxg7 Rxg7 17. Nc3 b5 18. Nd5 Ra7 19. Rac1 Bb7 20. Nf6+
Ke7 21. Rxd7+ Kxf6 22. Rcc7 Ke5 23. f3 Ke6 24. Re7+ Kf6 25. e5+ Kf5 26. e6 Bd5
27. Rxa7 Bxe6 28. Rxa6 Rg8 29. Rb7 Bc4 30. b3 Bd3 31. Rd7 Bb1 32. Rd5+ Kf4 33.
Kf2 Rc8 34. g3# {Pikulis checkmated} 1-0

[Event "ICS rated blitz match"]
[Site "207.99.83.229"]
[Date "1999.06.03"]
[Round "?"]
[White "Pikulis"]
[Black "Hossa"]
[Result "0-1"]
[WhiteElo "2114"]
[BlackElo "2505"]
[PlyCount "65"]

1. e4 c5 2. Nf3 e6 3. d3 Nc6 4. Be3 d5 5. exd5 exd5 6. d4 Bg4 7. dxc5 d4 8. Bf4
Qe7+ 9. Qe2 Bxf3 10. Qxe7+ Bxe7 11. gxf3 Bxc5 12. Bc4 Nf6 13. a3 O-O 14. Nd2
Rae8+ 15. Kd1 Kh8 16. Re1 Rxe1+ 17. Kxe1 Na5 18. Bd3 Nd5 19. Bg3 Be7 20. Be4
Nb6 21. Nb3 Nxb3 22. cxb3 f5 23. Bxb7 f4 24. Rd1 fxg3 25. fxg3 Bf6 26. f4 Re8+
27. Kf2 Re3 28. b4 Rb3 29. Rd2 Nc4 30. Rc2 Rxb2 31. Rxb2 Nxb2 32. Bd5 Nd1+ 33.
Ke2 {Pikulis resigns} 0-1

[Event "ICS rated blitz match"]
[Site "207.99.83.229"]
[Date "1999.06.03"]
[Round "?"]
[White "sicillianknight"]
[Black "Hossa"]
[Result "1-0"]
[WhiteElo "2765"]
[BlackElo "2508"]
[PlyCount "55"]

1. c4 e5 2. g3 Bb4 3. Bg2 Ne7 4. a3 Bc5 5. e3 Bb6 6. d4 d6 7. Nf3 Nd7 8. b4 a5
9. dxe5 dxe5 10. Bb2 Ng6 11. Nc3 Qf6 12. Nd5 Qc6 13. c5 Bxc5 14. bxc5 f6 15.
Rc1 Nxc5 16. Nd4 exd4 17. exd4 Qe6+ 18. Kd2 Na6 19. Re1 Ne5 20. dxe5 O-O 21.
exf6 Qd7 22. Re7 Qf5 23. Rxg7+ Kh8 24. f7 Qxf2+ 25. Qe2 Qxe2+ 26. Kxe2 Rxf7 27.
Rg5+ Rf6 28. Bxf6# {Hossa checkmated} 1-0